Catàleg del Col·legi de Periodistes de Catalunya

Paraula viva contra llengua normativa (Registre núm. 3031)

000 -CABECERA
Longitud fija campo de control 00609nam a2200217 a 4500
001 - NÚMERO DE CONTROL
Número de control 3031
003 - IDENTIFICADOR DEL NÚMERO DE CONTROL
Identificador del número de control CDMR
005 - FECHA Y HORA DE LA ÚLTIMA TRANSACCIÓN
Fecha y hora de la última transacción 20151026134202.0
008 - CÓDIGOS DE INFORMACIÓN DE LONGITUD FIJA
Códigos de información de longitud fija 130130s1990||||||||||||||||||||||||||||d
020 ## - NÚMERO INTERNACIONAL NORMALIZADO PARA LIBROS
Número Internacional Normalizado para Libros (ISBN) 8475841406
024 ## - OTROS IDENTIFICADORES NORMALIZADOS
Fuente del número o código DL
Número normalizado o código B225291990
040 ## - FUENTE DE LA CATALOGACIÓN
Centro catalogador de origen CDMR
Lengua de catalogación cat
Centro transcriptor CDMR
100 1# - PUNTO DE ACCESO PRINCIPAL-NOMBRE DE PERSONA
Nombre de persona Tubau, Iván
9 (RLIN) 494
245 10 - MENCIÓN DE TÍTULO
Título Paraula viva contra llengua normativa
Resto del título : el català espontani dels mitjans audiovisuals
Mención de responsabilidad, etc. Ivan Tubau
250 ## - MENCIÓN DE EDICIÓN
Mención de edición 1a
260 ## - PUBLICACIÓN, DISTRIBUCIÓN, ETC. (PIE DE IMPRENTA)
Lugar de publicación, distribución, etc. Barcelona
Fecha de publicación, distribución, etc. 1990
Nombre del editor, distribuidor, etc. Laertes
300 ## - DESCRIPCIÓN FÍSICA
Extensión 109 p.
490 0# - MENCIÓN DE SERIE
Mención de serie Lectures i itineraris
Designación de volumen o secuencia 11
650 ## - PUNTO DE ACCESO ADICIONAL DE MATERIA - TÉRMINO DE MATERIA
9 (RLIN) 3772
Término de materia o nombre geográfico como elemento inicial Periodisme--Manuals d'estil
942 ## - ENTRADA DE ELEMENTOS AGREGADOS (KOHA)
Koha [por defecto] tipo de item Monografies
Fuente de clasificaión o esquema
Fons
Suprimido Perdido Estropeado No para préstamo Localización permanente Localización actual Fecha adquisición Préstamos totales Signatura completa Código de barras Fecha última consulta Fecha del precio de reemplazo Tipo de item de Koha
        Centre de Documentació Montserrat Roig Centre de Documentació Montserrat Roig 2013-11-11   Dc 6 /4 CDMR13119600 2013-11-11 2013-11-11 Monografies

Implantat amb Koha